000 01027cam a2200217 4500
001 WB3824-26
008 020702n2002 000 0 eng u
035 _a(Sirsi) u118656
245 _a£50m NVZ bill
260 _c2002
490 _aFarmers Guardian
_v28 June 2002, 1&2
490 _aDEFRA News Release
_v(251/02) 27 June 2002, (5)
520 _aMinisters have confirmed that 55% of land in England will be designated as a Nitrate Vulnerable Zone (NVZ) under new legislation due by the end of 2002. The National Farmers Union (NFU) and Country Land and Business Association (CLA) expressed relief that NVZ coverage wasn't higher, although the restrictions on farmers could still cost the industry up to £50m a year. http://www.defra.gov.uk/news/2002/020627b.htm
590 _aWB
650 _aNITRATE VULNERABLE ZONES
650 _aFARMING INDUSTRY
650 _aNITRATE POLLUTION
650 _aPROPERTY-RURAL AND NATURAL ASSETS-AGRICULTURAL PROPERTY-AGRICULTURAL LAND
690 _aRural
_96268
942 _n0
999 _c70662
_d70662